| 000 | 01221nam0a2200325 4500 | ||
|---|---|---|---|
| 001 | RU\NLR\bibl\891693 | ||
| 005 | 20250614172737.0 | ||
| 010 |
_a5-7509-0266-8 _95000 |
||
| 035 | _a(NLR Aleph) 000880190 | ||
| 090 |
_a1654037 _c1654037 |
||
| 100 | _a20051221d1991 |||y0rusy50 ca | ||
| 101 | 0 | _arus | |
| 102 | _aRU | ||
| 105 | _aa ||||||||| | ||
| 200 | 1 |
_aНахичеванские портреты _eэкскурсии, зарисовки _fМ. Багдыков |
|
| 210 |
_aРостов-на-Дону _cРостовское книжное изд-во _d1991 |
||
| 215 |
_a95 с. _cсхем. _d20 |
||
| 300 | _aИзд. за счет средств авт. | ||
| 606 | 1 |
_aАрмяне _xИстория _yРоссия _92395330 _3RU\NLR\AUTH\6601648305 |
|
| 607 |
_aНахичевань-на-Дону, район (Ростов-на-Дону, город) _xИстория _91758259 _3RU\NLR\auth\66788369 |
||
| 686 | _aТ3(2Р-4Р-2Р) | ||
| 686 | _aТ3(29=Ар) | ||
| 700 | 1 |
_aБагдыков _bМ. Г. _gМинас Георгиевич _4070 |
|
| 801 | 0 |
_aRU _bNLR _c20051221 _grcr |
|
| 801 | 1 |
_aRU _bNLR _c20051221 |
|
| 830 | _aАвт. по кн. | ||
| 942 | _cBOOK | ||
| 980 | _aNB | ||